OPEC Countries From Richest To Poorest - Statistics

General Stats
  • This quiz has been taken 78 times
    20 since last reset
  • The average score is 8 of 12
Answer Stats
Rank GDP (PPP) per capita, $ Answer % Correct
19 74,668 Saudi Arabia
100%
12 84,304 United Arab Emirates
100%
40 52,866 Kuwait
95%
88 21,473 Iran
68%
134 8,397 Venezuela
68%
102 17,931 Libya
63%
79 24,908 Gabon
58%
109 15,301 Iraq
53%
101 18,509 Algeria
47%
143 6,792 Nigeria
47%
144 6,593 Republic of the Congo
37%
92 20,493 Equatorial Guinea
32%
No matching quizzes found
Score Distribution
Percent of People with Each Score
Percentile by Number Answered
Your Score History
You have not taken this quiz since the last reset